Un pays par lettre par continent - Statistiques

Statistiques générales
  • Ce quiz a été pris 398 fois
  • Le résultat moyen est 68 sur 84
Statistiques - réponses
Réponse % Correct
Autriche, Albanie, Andorre, Allemagne Allemagne + 3
98%
Belgique, Bosnie, Biélorussie, Bulgarie Belgique +3
97%
France, Finlande France +1
97%
Algérie, Angola, Afrique du Sud Algérie +2
96%
Chine, Cambodge, Chypre, Corée du Sud, Corée du Nord Chine +4
96%
Espagne, Estonie Espagne +1
95%
Danemark Danemark
94%
Brésil, Bolivie Brésil +1
93%
Canada, Costa Rica, Cuba Canada +2
93%
Italie, Islande, Irlande Italie +2
93%
Australie Australie
92%
Egypte, Érythrée, Ethiopie, Eswatini Egypte +3
92%
Cameroun, Cap-Vert, Comores, Cote d'Ivoire Cameroun +3
91%
Lettonie, Lituanie, Liechtenstein, Luxembourg Lettonie +3
91%
Maroc, Madagascar, Malawi, Mali, Mauritanie, Maurice, Mozambique Maroc +6
91%
Colombie, Chili Colombie +1
90%
Hongrie Hongrie
90%
Inde, Indonésie, Iran, Irak, Israël Inde +4
90%
Malte, Macedoine du Nord, Moldavie, Monaco, Montenegro Malte +4
90%
Portugal, Pologne, Pays-Bas Portugal +2
90%
Russie, Royaume-Uni, Roumanie, Rép. Tchèque Russie +2
90%
Saint-Marin, Serbie, Slovaquie, Slovénie, Suède, Suisse Suisse + 5
90%
Argentine Argentine
89%
Bangladesh, Bahreïn, Bhoutan, Brunei, Birmanie Bangladesh +4
89%
Japon, Jordanie Japon +1
89%
Arménie, Afghanistan, Azerbaïdjan, Arabie Saoudite Arabie Saoudite +3
88%
Bénin, Burundi, Botswana, Burkina Faso Bénin +3
87%
Ghana, Gabon, Gambie, Guinée, Guinée-Bissau, Guinée Equatoriale Ghana +5
87%
Kazakhstan, Koweït, Kirghizistan Kazakhstan +2
87%
Rwanda, Republic du Congo, République Centrafricaine, RDC Rwanda +3
87%
Croatie Croatie
86%
Etats-Unis Etats-Unis
86%
Perou, Paraguay Perou +1
86%
Haïti, Honduras Haiti +1
85%
Kosovo Kosovo
83%
Tunisie, Tanzanie, Togo, Tchad Tunisie +3
83%
Uruguay Uruguay
83%
Zambie, Zimbabwe Zambie +1
83%
Oman, Ouzbékistan Oman +1
82%
Turquie, Taïwan, Tadjikistan, Thaïlande, Turkménistan, Timor-Oriental Turquie +5
82%
Vatican Vatican
82%
Bahamas, Barbade, Belize Bahamas +2
81%
Malaisie, Maldives, Mongolie Malaisie +2
81%
Niger, Namibie, Nigeria Niger +2
81%
Nouvelle-Zélande, Nauru Nouvelle-Zélande +1
81%
Vénézuela Vénézuela
81%
Yémen Yémen
81%
Norvège Norvège
80%
Qatar Qatar
80%
Sénégal, Sao Tomé, Seychelles, Sierra Leone, Somalie, Soudan, Soudan du Sud Sénégal +6
80%
Fidji Fidji
79%
Grèce Grèce
79%
Laos, Liban Laos +1
79%
Libye, Lesotho, Libéria Libye +2
79%
Pakistan, Philippines Pakistan +1
79%
Georgie Georgie
78%
Grenade, Guatamala Grenade +1
78%
Equateur Equateur
77%
Jamaïque Jamaïque
77%
Kenya Kenya
77%
Djibouti Djibouti
75%
Ukraine Ukraine
75%
Mexique Mexique
74%
Guyana Guyana
73%
Ouganda Ouganda
73%
Papouasie-Nouvelle-Guinée, Palau Papouasie-Nouvelle-Guinée +1
73%
Singapour, Sri Lanka, Syrie Singapour +2
73%
Antigua-et-Barbuda Antigua-et-Barbuda
71%
Suriname Suriname
70%
Nicaragua Nicaragua
69%
Salvador, Sainte-Lucie, Saint-Kitts-et-Nevis, Saint-Vincent-et-les-Grenadines Salvador +2
69%
Tonga, Tuvalu Tonga +1
69%
Népal Népal
68%
Vietnam Vietnam
68%
Vanuatu Vanuatu
65%
Iles Marshall, Iles Salomon Iles Marshall +1
64%
Kiribati Kiribati
64%
Emirats Arabes Unis Emirats Arabes Unis
62%
Panama Panama
62%
Dominique Dominique
60%
Micronésie, Micronésie
56%
Samoa Samoa
56%
République Dominicaine République Dominicaine
53%
Trinité-et-Tobago Trinité-et-Tobago
53%
Aucun quiz correspondant
Distribution des résultats
% des personnes avec chaque résultat
Percentile par nombre de réponses
Votre historique - résultats
Vous n’avez pas pris ce quiz